000 01269nas a2200361 4500
001 BR2011007615
003 BR-BrBNA
005 20231205115803.0
007 ta
008 230509b bl.|||p| |||| 00| 00por d
040 _aBR-BrBNA
_bpor
_cBiblioteca Nacional de Agricultura
041 _a(Pt)
072 _aL72
100 1 _aFernandes, J.I
100 1 _aRibeiro, F. de A.
100 1 _aCorreia, T.R.
100 1 _aCoumendouros, K.
100 1 _aVerocai, G.G.
100 1 _aFazio Júnior, P.I.
100 1 _aSilva, D.D. da
100 1 _aScott, F.B.
245 1 _aEficácia larvicida de uma emulsão contendo 10 por cento de óleo de nim (Azadirachta indica)no controle de Musca domestica (Linnaeus, 1758)
246 1 _aLarvicidal efficacy of an emulsion containg 10 per cent neem (Azadirachta indica)oil on the control of Musca domestica (Linnaeus, 1758)
650 _aMOSCA DOMESTICA
650 _aINSETICIDA
650 _aNIM
650 _aAZADIRACHTA INDICA
650 _aFITOTERAPIA
650 _aINSETICIDA DE ORIGEM VEGETAL
773 0 _tRevista Brasileira de Medicina Veterinária (Brazil)
_xISSN 0100-2430
_g(Dec 2010), v. 32(suppl. 1) p. 25-30
_wBR2011007615
909 _a202311
_bLúcia
_c55
_dLúcia Elande
942 _2AGRIS
_n0
_cANA
999 _c215691
_d215691